000 00604nam a2200241Ia 4500
003 OSt
005 20221005074450.0
006 a|||||r|||| 00| 0
007 ta
008 221004b |||||||| |||| 00| 0 eng d
024 _a51256
037 _cTextual
040 _aCRL
_cCRL
_beng
041 _2eng
_aeng
082 _aQ2:31H, N1
100 _aNarula Joginder
245 0 _aHanuman
_b God and eoic hero
260 _aNew Delhi
_bMahohar
_c1991
300 _a83p
_ccm.
650 _aRELIGION
942 _hQ2:31H, N1
_cTEXL
_2cc
999 _c982739
_d982739